000 00971nam a2200277Ia 4500
005 20210727153101.0
008 121119s2002 ck gr 000 0 spa
020 _a9588159415
041 0 _aspa
082 0 4 _a398.409861
_bC21Q
100 1 _aCeballos Gómez, Diana Luz
245 1 0 _aQuién tal hace que tal pague
_bsociedad y prácticas magicas en el Nuevo Reino de Granada
_cDiana Luz Ceballos Gómez
250 _aPrimera edición
300 _a630 páginas
_c21 cm
490 0 _aPremios Nacionales de Cultura
500 _aPremio Nacional de Historia 1999
650 1 4 _aBrujería
_xHistoria
_zColombia
_2LEMB
650 1 4 _aInquisición
_zColombia
_2LEMB
650 1 4 _aJusticia
_xHistoria
_zColombia
_yColonia, 1550-1810
942 _2ddc
_cBK
264 _aBogotá
_bMinisterio de Cultura
_c2002
336 _atexto
_btxt
_2rdacontent
337 _asin mediación
_bn
_2rdamedia
338 _avolumen
_bnc
_2rdacarrier
040 _aCO-BoRNBP
_bspa
_erda
_cCO-BoRNBP
999 _c2098
_d2098